Répondez à la question précédente - Chiffres - Statistiques

Statistiques générales
  • Ce quiz a été pris 29 fois
  • Le résultat moyen est 23 sur 31
Statistiques - réponses
Hint Réponse % Correct
Le nombre de péchés capitaux ? 0
94%
Le nombre de roues d'une moto ? 7
94%
Quelle est la réponse sur laquelle vous venez de cliquer juste avant ? 0
88%
Vous pouvez répéter s'il vous plaît ? 1
88%
Ahh d'accord ! Et si je le multiplie par 2 ? 1
88%
C'est la question numéro combien ? 2
88%
Le nombre d'étoiles sur 5 que vaut ce quiz ? 2
88%
La première réponse donnée lors de ce quiz ? 4
88%
3² = ? 5
88%
Généralement, vous avez combien de narines ? 7
88%
Hein ? 1
81%
Et d'un chameau ? 1
81%
Le nombre de bosses d'un dromadaire ? 2
81%
Et de doigts sur une main ? 2
81%
Le nombre de Saisons de Vivaldi ? 3
81%
D'Artagnan c'est le combientième mousquetaire chez Dumas ? 3
81%
Fini les maths ! Combien de mots dans cette question ? 8
81%
Sur une échelle de 0 à 10 sur 10, quelle est la pire note ? 9
81%
Le nombre entre 0 et 2 ? 0
75%
Quelle est la réponse sur laquelle il faut cliquer là ? 3
75%
Et encore par 2 ? 2
69%
Et encore par 2 ? 4
69%
Logique, vu que dans le titre du livre ils sont... Combien déjà ? 4
69%
Combien de branches possède l'étoile de David ? 5
69%
Et maintenant ? 9
69%
Combien de fois Raymond Poulidor a-t-il gagné le Tour de France ? 2
50%
Et si on additionne les deux derniers chiffres sur lesquels vous avez cliqué, ça fait combien ? 3
50%
Le nombre de nains dans Blanche-Neige ? 6
50%
Quel chiffre s'écrit en toutes lettres "deux" ? 3
44%
Le nombre de Petits Cochons dans le conte ? 9
31%
Il est indiqué qu'il reste combien de questions ? 7
13%
Aucun quiz correspondant
Distribution des résultats
% des personnes avec chaque résultat
Percentile par nombre de réponses
Votre historique - résultats
Vous n’avez pas pris ce quiz